[Event "FRA-ch U12"]
[Site "Vichy"]
[Date "2025.05.02"]
[Round "7"]
[White "Chalampuente, Victor"]
[Black "Yin, Milo"]
[Result "0-1"]
[WhiteElo "1945"]
[BlackElo "2049"]
[PlyCount "50"]
[EventDate "2025.04.27"]
[EventType "swiss"]
[EventRounds "9"]
[EventCountry "FRA"]
[SourceTitle "CB19_2025"]
[SourceDate "2025.05.07"]
[SourceVersion "1"]
[SourceVersionDate "2025.05.07"]
[SourceQuality "1"]

1. e4 e5 2. Nf3 Nc6 3. Bc4 Nf6 4. d3 Bc5 5. Nc3 a6 6. a4 d6 7. Bg5 h6 8. Bh4 g5 9. Nxg5 hxg5 10. Bxg5 Rg8 11. h4 Be6 12. Nd5 Bxd5 13. exd5 Nb8 14. c3 Nbd7 15. d4 exd4 16. 0-0 dxc3 17. Qf3 Ne5 18. Rae1 Rg6 19. Bd3 Rxg5 20. hxg5 Nfd7 21. Bf5 Qxg5 22. Bxd7+ Kxd7 23. Qh3+ Qg4 24. Qh7 Rg8 25. g3 Qxg3+ 0-1

[Event "Wch U12"]
[Site "Montesilvano"]
[Date "2024.11.25"]
[Round "10"]
[White "Yin, Milo"]
[Black "Wang, William Kaiyuan"]
[Result "1-0"]
[WhiteElo "1925"]
[BlackElo "1715"]
[PlyCount "59"]
[EventDate "2024.11.15"]
[EventType "swiss"]
[EventRounds "11"]
[EventCountry "ITA"]
[SourceTitle "CB48_2024"]
[SourceDate "2024.11.28"]
[SourceVersion "1"]
[SourceVersionDate "2024.11.28"]
[SourceQuality "1"]

1. e4 e5 2. Nf3 Nc6 3. Bc4 Nf6 4. Ng5 d5 5. exd5 b5 6. Bf1 Nxd5 7. Bxb5 Bb7 8. Nf3 Bd6 9. d3 0-0 10. 0-0 Nd4 11. Nxd4 exd4 12. Qg4 Nf6 13. Qh4 h6 14. c3 c5 15. f4 Qe7 16. Re1 Qc7 17. f5 Nh7 18. Nd2 Bxg2 19. Kxg2 Qb7+ 20. Ne4 Be7 21. Qg3 Qxb5 22. Bxh6 g6 23. Qe5 f6 24. Qe6+ Kh8 25. fxg6 Rg8 26. g7+ Rxg7+ 27. Bxg7+ Kxg7 28. Qxe7+ Kh8 29. Nxf6 Qc6+ 30. Qe4 1-0

[Event "Wch U12"]
[Site "Montesilvano"]
[Date "2024.11.19"]
[Round "5"]
[White "Ilcic, Aleksa"]
[Black "Yin, Milo"]
[Result "1-0"]
[WhiteElo "1757"]
[BlackElo "1925"]
[PlyCount "101"]
[EventDate "2024.11.15"]
[EventType "swiss"]
[EventRounds "11"]
[EventCountry "ITA"]
[SourceTitle "CB48_2024"]
[SourceDate "2024.11.28"]
[SourceVersion "1"]
[SourceVersionDate "2024.11.28"]
[SourceQuality "1"]

1. d4 d5 2. c4 e6 3. cxd5 exd5 4. Nc3 Nf6 5. Bg5 c6 6. e3 Be6 7. Bd3 Nbd7 8. Nge2 h6 9. Bxf6 Qxf6 10. Qc2 0-0-0 11. Nf4 Kb8 12. h4 Rc8 13. Rc1 Qd8 14. 0-0 Bd6 15. g3 Bxf4 16. exf4 Bh3 17. Rfe1 g5 18. Bf5 Bxf5 19. Qxf5 gxh4 20. Qxf7 Rf8 21. Qe7 hxg3 22. fxg3 Nf6 23. Qxd8 Rcxd8 24. Re7 Rg8 25. Kf2 Rde8 26. Rxe8+ Rxe8 27. Kf3 Kc7 28. Rc2 Kd7 29. Re2 Rg8 30. Re5 Ng4 31. Rh5 Ke6 32. Nd1 Kd7 33. Rh4 Nf6 34. Rxh6 Ne4 35. g4 a5 36. Rh7+ Kc8 37. g5 b5 38. Re7 Kd8 39. Ra7 Kc8 40. Ra8+ Kb7 41. Rxg8 Kb6 42. Re8 Nd2+ 43. Ke2 Nc4 44. g6 c5 45. dxc5+ Kxc5 46. Rc8+ Kb4 47. Rxc4+ dxc4 48. g7 Ka4 49. g8Q Kb4 50. Qf8+ Ka4 51. Qa3# 1-0

[Event "Wch U12"]
[Site "Montesilvano"]
[Date "2024.11.18"]
[Round "4"]
[White "Yin, Milo"]
[Black "Diachek, Andriy"]
[Result "0-1"]
[WhiteElo "1925"]
[BlackElo "2162"]
[PlyCount "84"]
[EventDate "2024.11.15"]
[EventType "swiss"]
[EventRounds "11"]
[EventCountry "ITA"]
[SourceTitle "CB48_2024"]
[SourceDate "2024.11.28"]
[SourceVersion "1"]
[SourceVersionDate "2024.11.28"]
[SourceQuality "1"]

1. Nf3 Nf6 2. e3 d5 3. c4 e6 4. Nc3 Be7 5. b3 0-0 6. Bb2 Nbd7 7. Qc2 b6 8. cxd5 exd5 9. d4 Bb7 10. Be2 a6 11. 0-0 Bd6 12. Rac1 Re8 13. Rfd1 Rc8 14. h3 h6 15. Bf1 c5 16. dxc5 bxc5 17. Qf5 Nb6 18. Rd2 d4 19. Rcd1 g6 20. Qb1 Bb8 21. exd4 Bxf3 22. gxf3 Qc7 23. f4 Qxf4 24. Bg2 Qh2+ 25. Kf1 cxd4 26. Ne2 Nbd5 27. Bxd4 Rxe2 28. Rxe2 Nf4 29. Bb7 Nxh3 30. Ke1 Bf4 31. Be3 Bxe3 32. fxe3 Qg3+ 33. Kd2 Qd6+ 34. Ke1 Qb4+ 35. Red2 Qxb7 36. Ke2 Qg2+ 37. Ke1 Qg1+ 38. Ke2 Qf2+ 39. Kd3 Qf5+ 40. Ke2 Qg4+ 41. Kf1 Qf3+ 42. Rf2 Qxf2# 0-1

[Event "FRA-ch U12"]
[Site "Agen"]
[Date "2024.04.15"]
[Round "2"]
[White "Chretien Stanus, Liam"]
[Black "Yin, Milo"]
[Result "0-1"]
[WhiteElo "1741"]
[BlackElo "2001"]
[PlyCount "105"]
[EventDate "2024.04.14"]
[EventType "swiss"]
[EventRounds "9"]
[EventCountry "FRA"]
[SourceTitle "EXT 2025"]
[Source "ChessBase"]
[SourceDate "2024.10.14"]
[SourceVersion "1"]
[SourceVersionDate "2024.10.14"]
[SourceQuality "1"]

1. Nf3 d5 2. g3 Nf6 3. Bg2 e6 4. 0-0 Be7 5. d3 0-0 6. Nbd2 c5 7. e4 Nc6 8. Re1 b5 9. e5 Nd7 10. Nf1 Qc7 11. Bf4 Bb7 12. h4 a5 13. c4 bxc4 14. dxc4 dxc4 15. h5 Nb6 16. a3 Rfd8 17. N1d2 Nd4 18. h6 g6 19. Qc1 Rac8 20. Bg5 Bxf3 21. Bxe7 Qxe7 22. Bxf3 Qg5 23. Bg2 Nc2 24. Qxc2 Rxd2 25. Qc1 Rcd8 26. Bf3 Qxh6 27. Re2 Rd1+ 28. Qxd1 Rxd1+ 29. Rxd1 Qg5 30. Bc6 h5 31. Re4 Kg7 32. Kg2 Qf5 33. f3 c3 34. bxc3 Nc4 35. Rde1 Nxa3 36. Ra1 Nc2 37. Ra2 Nb4 38. cxb4 axb4 39. Rc2 Qg5 40. Ree2 h4 41. g4 Qf4 42. Kh1 c4 43. Be4 c3 44. Re1 Qxe5 45. Rb1 Qd4 46. Ra2 b3 47. Raa1 c2 48. Bxc2 bxc2 49. Rf1 Qd2 50. Rg1 e5 51. Rac1 Qe2 52. Rcf1 h3 53. Rg2 0-1